ワンピース懸賞金ランキング TOP30 - Statistics

General Stats
  • This quiz has been taken 374 times
  • The average score is 18 of 30
Answer Stats
キャラクター名 懸賞金 % Correct
9 モンキー・D・ルフィ 30億ベリー
98%
20 ロロノア・ゾロ 11億1100万ベリー
93%
5 シャンクス 40億4890万ベリー
91%
1 ゴール・D・ロジャー 55億6480万ベリー
91%
23 サンジ 10億3200万ベリー
90%
2 エドワード・ニューゲート 50億4600万ベリー
88%
トラファルガー・ロー 30億ベリー
88%
6 マーシャル・D・ティーチ 39億9600万ベリー
87%
3 カイドウ 46億1110万ベリー
86%
4 シャーロット・リンリン 43億8800万ベリー
84%
ユースタス・キッド 30億ベリー
82%
8 バギー 31億8900万ベリー
78%
7 ジュラキュール・ミホーク 35億9000万ベリー
75%
21 ジンベエ 11億ベリー
72%
13 サー・クロコダイル 19億6500万ベリー
71%
26 ニコ・ロビン 9億3000万ベリー
65%
22 シャーロット・カタクリ 10億5700万ベリー
59%
16 ボア・ハンコック 16億5900万ベリー
52%
17 キング 13億9000万ベリー
50%
19 クイーン 13億2000万ベリー
47%
24 ジャック 10億ベリー
38%
18 マルコ 13億7400万ベリー
35%
28 シャーロット・ペロスペロー 7億ベリー
30%
29 サボ 6億200万ベリー
29%
27 シャーロット・クラッカー 8億6000万ベリー
27%
25 シャーロット・スムージー 9億3200万ベリー
24%
ブロギー 18億ベリー
18%
14 ドリー 18億ベリー
17%
12 ロキ 26億
14%
30 シャーロット・スナック 6億ベリー
7%
No matching quizzes found
Score Distribution
Percent of People with Each Score
Percentile by Number Answered
Your Score History
You have not taken this quiz